[Event "GER-chT School WK 4"]
[Site "Playchess.com INT"]
[Date "2020.06.16"]
[Round "4.4"]
[White "Maedel, Jonas"]
[Black "Haubold, Henry"]
[Result "0-1"]
[WhiteElo "1620"]
[BlackElo "1491"]
[PlyCount "62"]
[EventDate "2020.06.16"]
[EventType "team-swiss (blitz)"]
[EventRounds "5"]
[EventCountry "GER"]
[SourceTitle "EXT 2021"]
[Source "ChessBase"]
[SourceDate "2020.10.23"]
[SourceVersion "1"]
[SourceVersionDate "2020.10.23"]
[SourceQuality "1"]
[WhiteTeam "Magdeburg Siemens Gymn"]
[BlackTeam "Floeha Gymn"]
[WhiteTeamCountry "GER"]
[BlackTeamCountry "GER"]

1. e4 c5 2. Nf3 Nc6 3. Bc4 Nf6 4. e5 Ng4 5. 0-0 g6 6. h3 Ngxe5 7. Ng5 Nxc4 8. Nc3 Bg7 9. d3 Nd6 10. Bf4 0-0 11. Nce4 Nxe4 12. dxe4 d6 13. Re1 b6 14. Qd3 Nb4 15. Qb3 e5 16. Bg3 Qxg5 17. h4 Qe7 18. Rad1 Be6 19. f4 exf4 20. Bxf4 Bxb3 21. cxb3 Bd4+ 22. Kh2 Qf6 23. e5 Qxf4+ 24. g3 Qf2+ 25. Kh3 Nc2 26. Rf1 Qe2 27. Rde1 Nxe1 28. Rxe1 Qxe1 29. Kg4 f5+ 30. Kg5 Qxg3+ 31. Kh6 Qxh4# 0-1